| 000 | 00945cam a22002535a 4500 | ||
|---|---|---|---|
| 001 | E147917 | ||
| 008 | 090701s2008 xxk f 000 0 eng d | ||
| 020 | _a9781847981219 | ||
| 035 | _a(Sirsi) u147917 | ||
| 041 | 0 | _aeng | |
| 050 | 0 | 4 | _a657.3 $2 18 |
| 110 | 2 |
_aAccounting Standards Board _93454 |
|
| 245 | 0 | 0 |
_aAmendments to FRS 26 (IAS 39), financial instruments, recognition and measurement _beligible hedged items |
| 260 |
_aLondon _bASB _c2008 |
||
| 300 |
_a16p. _c21cm. |
||
| 490 | 0 | _aASB Financial Reporting Standard | |
| 520 | _aPresents proposed amendments to Financial Reporting Standard 26 (IAS 39) on the recognition and measurement of financial instruments, to bring it into line with the IASB's amendments to IAS 39. | ||
| 521 | 2 | _aExpert | |
| 590 | _aKA | ||
| 650 | 2 | 4 | _aFRS26 |
| 651 | 4 |
_aUnited Kingdom _y |
|
| 690 | _aMANAGEMENT-BUSINESS MANAGEMENT-FINANCIAL MANAGEMENT-ACCOUNTING-FINANCIAL REPORTING | ||
| 942 | _n0 | ||
| 999 |
_c109788 _d109788 |
||